000 00231nam a2200097Ia 4500
001 1204194
005 20250827022723.0
008 250824s9999 xx 000 0 und d
245 0 _aOYUN BOZAN
_cSUE LİMB
260 _bALTIN KİTAPLAR
999 _c1204194
_d1204194